LEADER 00919naa a2200229 u 4500 001 000000094546 003 CaOOAMICUS 005 20070226130139.0 008 040503s1971 gw u000 u ger u 020 $a3110023954 035 $a10993141 040 $aIAR$bita 100 1 $aWilpert, Paul,$d1906-1967.$0(OLS)http://pul/name/2764 245 10$aPhilon bei Nikolaus von Kues /$cPaul Wilpert. 250 $a2. durchgesehene Aufl. 260 $aBerlin :$bW. Gruyter,$c1971. 300 $aS. 69-79, ;$c25 cm 773 0 $aAntike und Orient im Mittelalter : Vorträge der Kölner Mediävistentagungen 1956-1959. 773 0 $tAntike und Orient im Mittelalter : Vorträge der Kölner Mediaevistentagungen 1956-1959$w()66747 996 $6020$a3110023954$9(OLS)http://pul/number/86584 996 $6245$aPhilon bei Nikolaus von Kues$9(OLS)http://pul/title/121414 996 $6260$aBerlin :$bW. Gruyter$9(OLS)http://pul/publisher/71440 LEADER 01097nam a2200241 a 4500 001 000000129875 003 CaOOAMICUS 005 20120831142249.0 008 120831s2012 it frm z000 u ita r 040 $aPUL$bita 100 1 $aMattei, Alessandro.$0(OLS)http://pul/name/83161 245 10$aControlli e responsabilità nella gestione dei fondi comunitari/$cAlessandro Mattei. 260 $aRoma :$bPontificia Università Lateranense,$c2012. 300 $a135 p.$c24 cm 502 $aEstratto da tesi -- Pontificia Universitas Lateranensis. Facultas Iuris Civilis, 2012. 504 $aBibliografia: p.[115]-132. 710 2 $aPontificia Università Lateranense.$bFacoltà di diritto civile$kTesi.$0(OLS)http://pul/name/81778 850 $aPUL 852 $aPUL$W1$xDP1 Tesi Pon Univ. Lateranense$y41$m2012 D 8$j150329$qTesi$B148912$CPULBib$Z2$F148912 $82 941 1 $a16 996 $6245$aControlli e responsabilità nella gestione dei fondi comunitari/$9(OLS)http://pul/title/164171 996 $6260$aRoma :$bPontificia Università Lateranense$9(OLS)http://pul/publisher/47963